| 000 | 00899nas a2200289 4500 | ||
|---|---|---|---|
| 001 | BR0301463 | ||
| 003 | BR-BrBNA | ||
| 005 | 20231205103629.0 | ||
| 007 | ta | ||
| 008 | 230509b bl.|||p| |||| 00| 00por d | ||
| 040 |
_aBR-BrBNA _bpor _cBiblioteca Nacional de Agricultura |
||
| 041 | _a(Pt) | ||
| 072 | _aF30 | ||
| 100 | 1 | _aGama, E.E.G.E. | |
| 100 | 1 | _aParentoni, S.N. | |
| 100 | 1 | _aLopes, M.A. | |
| 100 | 1 | _aPacheco, C.A.P. | |
| 245 | 1 | _aVariabilidade genética em populações de milho de ciclo superprecoce; 1: estimação de parâmetros genéticos | |
| 650 | _aMILHO | ||
| 650 | _aPARÂMETRO GENÉTICO | ||
| 650 | _aGENÉTICA VEGETAL | ||
| 650 | _aPRECOCIDADE VEGETAL | ||
| 650 | _aSELEÇÃO | ||
| 773 | 0 |
_tCiência e Agrotecnologia (Brazil) _xISSN 1413-7054 _g(Oct-Dec 1999), v. 23(4) p. 876-881 _wBR0301463 |
|
| 909 |
_a202311 _bLúcia _c55 _dLúcia Elande |
||
| 942 |
_2AGRIS _n0 _cANA |
||
| 999 |
_c173908 _d173908 |
||